00590nam a22001337a 4500003000900000005001700009008004100026040001300067245006100080260000900141300003700150490000600187520026300193IT-RoPau20220918175943.0130219b xxu||||| |||| 00| 0 eng d cIT-RoPau aFP. Tutto nasce da fonte vitale, dal maestro eucaristico cs.d. aS.n.p.c21 cmeDépliant 21x100 vI aIndice Società San Paolo Figlie di San Paolo Suore Pie DIscepole del Divin Maestro Suore Pastorelle Suore Apostoline Istituto San Gabriele Arcangelo Istituto Maria SS. Annunziata Istituto Gesù Sacerdote Istituto Santa Famiglia Unione Cooperatori Paolini